书目信息 |
| 题名: |
安装工程分项施工工艺手册 第六分册 炉窑砌筑工程
|
|
| 作者: | 强十渤 程协瑞 主编 | |
| 分册: | ||
| 出版信息: | 北京 中国计划出版社 |
|
| 页数: | 341页 | |
| 开本: | 16开 | |
| 丛书名: | ||
| 单 册: | ||
| 中图分类: | TU761.2-62 | |
| 科图分类: | ||
| 主题词: | 建筑工程--工程施工 | |
| 电子资源: | ||
| ISBN: | 7-80058-684-7 | |
| 000 | 00761nam0 2200205 45 | |
| 001 | 0012030909 | |
| 005 | 20001203093313.7 | |
| 010 | @a7-80058-684-7@d40.00元 | |
| 100 | @a20001203d km y0chiy0120 ea | |
| 101 | 0 | @achi |
| 105 | @a z 000yy | |
| 200 | 1 | @a安装工程分项施工工艺手册 第六分册 炉窑砌筑工程@f强十渤 程协瑞 主编@AAn Zhuang Gong Cheng Fen Xiang Shi Gong Gong Yi ShouCe Di Liu Fen Ce Lu Yao Qi Zhu Gong Cheng@FQiang Shi Bo Cheng Xie Rui Zhu Bian |
| 210 | @a北京@c中国计划出版社 | |
| 215 | @a341页@d16开 | |
| 517 | @a强十渤 程协瑞 主编@AQiang Shi Bo Cheng Xie Rui ZhuBian | |
| 606 | 0 | @a建筑工程@x工程施工 |
| 690 | @aTU761.2-62@v3 | |
| 701 | 0 | @a强十渤 程协瑞@4主编 |
| 801 | @aCN@bPftUser@c20001203 | |
| 905 | @b510952-961@dTU761.2-62@eQ071:6@f10 | |
| 安装工程分项施工工艺手册 第六分册 炉窑砌筑工程/强十渤 程协瑞 主编.-北京:中国计划出版社 |
| 341页;16开 |
| ISBN 7-80058-684-7:40.00元 |
| ● |
| 相关链接 |
|
|
|
正题名:安装工程分项施工工艺手册第六分册炉窑砌筑
索取号:TU761.2-62/Q071:6
 
预约/预借
| 序号 | 登录号 | 条形码 | 馆藏地/架位号 | 状态 | 备注 |
| 1 | 510952 | 205109522 | 建筑库201/201建筑库 45排3列5层/ [索取号:TU761.2-62/Q071:6] | 在馆 | |
| 2 | 510953 | 205109531 | 自科二线404/404自科库 11排1列1层/ [索取号:TU761.2-62/Q071:6] | 在馆 | |
| 3 | 510954 | 205109540 | 建筑库201/201建筑库 45排3列5层/ [索取号:TU761.2-62/Q071:6] | 在馆 | |
| 4 | 510955 | 205109559 | 建筑库201/201建筑库 45排3列5层/ [索取号:TU761.2-62/Q071:6] | 在馆 | |
| 5 | 510956 | 205109568 | 建筑库201/201建筑库 45排3列5层/ [索取号:TU761.2-62/Q071:6] | 在馆 | |
| 6 | 510957 | 205109577 | 建筑库201/201建筑库 45排3列5层/ [索取号:TU761.2-62/Q071:6] | 在馆 | |
| 7 | 510958 | 205109586 | 建筑库201/201建筑库 45排3列5层/ [索取号:TU761.2-62/Q071:6] | 在馆 | |
| 8 | 510959 | 205109595 | 自科二线404/404自科库 11排1列1层/ [索取号:TU761.2-62/Q071:6] | 在馆 | |
| 9 | 510960 | 205109602 | 自科二线404/404自科库 11排1列1层/ [索取号:TU761.2-62/Q071:6] | 在馆 | |
| 10 | 510961 | 205109611 | 自科二线404/404自科库 11排1列1层/ [索取号:TU761.2-62/Q071:6] | 在馆 |